Best practice tendering for design and build projects (Record no. 102849)

MARC details
000 -LEADER
fixed length control field 01068cam a2200241 4500
008 - FIXED-LENGTH DATA ELEMENTS--GENERAL INFORMATION
fixed length control field 030528n2003 000 0 eng u
020 ## - INTERNATIONAL STANDARD BOOK NUMBER
International Standard Book Number 0727732188
035 ## - SYSTEM CONTROL NUMBER
System control number (Sirsi) u122447
041 0# - LANGUAGE CODE
Language code of text/sound track or separate title eng
050 04 - LIBRARY OF CONGRESS CALL NUMBER
Classification number 692.8 $2 18
100 1# - MAIN ENTRY--PERSONAL NAME
Personal name Griffith, Alan
245 00 - TITLE STATEMENT
Title Best practice tendering for design and build projects
260 ## - PUBLICATION, DISTRIBUTION, ETC.
Place of publication, distribution, etc. London
Name of publisher, distributor, etc. Thomas Telford
Date of publication, distribution, etc. 2003
300 ## - PHYSICAL DESCRIPTION
Extent xi, 164p.
Dimensions 24cm.
350 ## - PRICE (NR) (BK AM CF MU VM SE) [OBSOLETE]
Price 25
520 ## - SUMMARY, ETC.
Summary, etc. A comprehensive guide for practitioners and students, this book reports on the experiences of construction professionals involved in design and build contracts and suggests practical tools for the application of best practice tendering. Topics discussed include the development of tendering arrangements, pre-qualification, competition in design and build projects, ethics, practical considerations and published guidance.
651 #4 - SUBJECT ADDED ENTRY--GEOGRAPHIC NAME
Geographic name International
690 ## - LOCAL SUBJECT ADDED ENTRY--TOPICAL TERM (OCLC, RLIN)
Topical term or geographic name as entry element Procurement
9 (RLIN) 6260
700 1# - ADDED ENTRY--PERSONAL NAME
Personal name Knight, Andrew
700 1# - ADDED ENTRY--PERSONAL NAME
Personal name King, Andrew
710 2# - ADDED ENTRY--CORPORATE NAME
Corporate name or jurisdiction name as entry element Engineering and Physical Sciences Research Council
9 (RLIN) 167
942 ## - ADDED ENTRY ELEMENTS (KOHA)
Suppress in OPAC 0
Holdings
Withdrawn status Lost status Source of classification or shelving scheme Damaged status Not for loan Home library Current library Shelving location Date acquired Cost, normal purchase price Total Checkouts Full call number Barcode Date last seen Date last checked out Copy number Cost, replacement price Price effective from Koha item type
    Dewey Decimal Classification     London London Books 15/08/2003 21.25 47 692.8 GRI 30067361 06/08/2019 04/09/2009 1 21.25 06/08/2019 Book